[Event "East European zonal 3 (w) final"]
[Site "Hajduszoboszlo HUN"]
[Date "1991.10.??"]
[Round "1"]
[White "Foisor, Cristina"]
[Black "Nutu, Daniela"]
[Result "1/2-1/2"]
[WhiteElo "2305"]
[BlackElo "2295"]
[EventDate "1991.10.01"]
[PlyCount "61"]

1.c4 c5 2.Nc3 g6 3.g3 Bg7 4.Bg2 Nc6 5.Nf3 e6 6.d4 Nxd4 7.Nxd4 cxd4 8.Nb5 
Qb6 9.a4 a6 10.Na3 Ne7 11.O-O O-O 12.Rb1 d5 13.Bd2 Bd7 14.a5 Qc7 15.Bb4 
Bc6 16.Bc5 dxc4 17.Bxc6 bxc6 18.Nxc4 Rfe8 19.Bxd4 c5 20.Bxg7 Kxg7 21.Qd6 
Qxd6 22.Nxd6 Red8 23.Nb7 Rdb8 24.Nxc5 Rb5 25.b4 Nc6 26.Nd3 Rab8 27.Rbc1 
Nxb4 28.Nxb4 Rxb4 29.Rc6 Rb2 30.e3 Ra2 31.Rxa6 1/2-1/2

[Event "East European zonal 3 (w) final"]
[Site "Hajduszoboszlo HUN"]
[Date "1991.10.??"]
[Round "1"]
[White "Veroci, Zsuzsa"]
[Black "Madl, Ildiko"]
[Result "1/2-1/2"]
[WhiteElo "2325"]
[BlackElo "2370"]
[EventDate "1991.10.01"]
[PlyCount "28"]

1.e4 c5 2.Nf3 d6 3.d4 cxd4 4.Nxd4 Nf6 5.Nc3 Nc6 6.Bc4 e6 7.Bb3 a6 8.Be3 
Qc7 9.f4 Be7 10.Qf3 O-O 11.f5 Nxd4 12.Bxd4 b5 13.O-O-O b4 14.Na4 Bb7 
1/2-1/2

[Event "East European zonal 3 (w) final"]
[Site "Hajduszoboszlo HUN"]
[Date "1991.10.??"]
[Round "1"]
[White "Lupu, Smaranda"]
[Black "Koen, Maia"]
[Result "1-0"]
[WhiteElo "2220"]
[BlackElo "2215"]
[EventDate "1991.10.01"]
[PlyCount "41"]

1.e4 e6 2.d4 d5 3.exd5 exd5 4.h3 Bd6 5.Nf3 Nc6 6.c4 dxc4 7.Bxc4 Nf6 8.O-O 
O-O 9.Nc3 Bf5 10.Bg5 h6 11.Bh4 Be7 12.Re1 Nb4 13.a3 Nc6 14.d5 Na5 15.Ba2 
c5 16.Nb5 Qd7 17.Qe2 Rae8 18.Ne5 Qd8 19.d6 Bxd6 20.Nxf7 Rxf7 21.Bxf6 1-0

[Event "East European zonal 3 (w) final"]
[Site "Hajduszoboszlo HUN"]
[Date "1991.10.??"]
[Round "2"]
[White "Foisor, Cristina"]
[Black "Lupu, Smaranda"]
[Result "1-0"]
[WhiteElo "2305"]
[BlackElo "2220"]
[EventDate "1991.10.01"]
[PlyCount "119"]

1.d4 g6 2.c4 Bg7 3.Nc3 c5 4.d5 Nf6 5.e4 d6 6.f3 a6 7.a4 e6 8.Be3 exd5 9.
cxd5 Nbd7 10.Nh3 Ne5 11.Nf2 h6 12.Qd2 g5 13.Be2 Ng6 14.O-O Nh5 15.Rfc1 
Nhf4 16.Bf1 h5 17.Rab1 Ne5 18.Ne2 h4 19.Nxf4 gxf4 20.Bxf4 h3 21.Nd3 Ng6 
22.Bg5 Bd4+ 23.Kh1 hxg2+ 24.Bxg2 Bf6 25.Be3 Nh4 26.e5 dxe5 27.Nxc5 Nxg2 
28.Qxg2 Qxd5 29.Ne4 Qe6 30.Bc5 Be7 31.Bxe7 Kxe7 32.Qg7 Bd7 33.Rc5 Rag8 34.
Qxe5 Qxe5 35.Rxe5+ Be6 36.Rg1 Rxg1+ 37.Kxg1 Rc8 38.Rc5 Rxc5 39.Nxc5 Bd5 
40.Kf2 a5 41.Ke3 f5 42.f4 b6 43.Kd4 Kd6 44.Nd3 Bb3 45.Ne5 Bxa4 46.Nc4+ Kc6
47.Ne3 Kd6 48.Nxf5+ Ke6 49.Ne3 Bb3 50.Kc3 Ba2 51.Kd3 b5 52.Kd4 Kd6 53.h4 
Bf7 54.Nf5+ Ke6 55.Ng3 Kd6 56.h5 a4 57.h6 Bg6 58.Ne4+ Ke6 59.Ng5+ Kf5 60.
Kc5 1-0

[Event "East European zonal 3 (w) final"]
[Site "Hajduszoboszlo HUN"]
[Date "1991.10.??"]
[Round "2"]
[White "Nutu, Daniela"]
[Black "Madl, Ildiko"]
[Result "1-0"]
[WhiteElo "2295"]
[BlackElo "2370"]
[EventDate "1991.10.01"]
[PlyCount "91"]

1.d4 Nf6 2.c4 e6 3.Nf3 c5 4.e3 d5 5.a3 a6 6.dxc5 Bxc5 7.b4 Ba7 8.Nc3 O-O 
9.Bb2 Nc6 10.Be2 d4 11.exd4 Nxd4 12.Nxd4 Bxd4 13.O-O e5 14.Qc2 Qc7 15.Na4 
Bxb2 16.Qxb2 Bd7 17.Nc3 Bf5 18.Nd1 Rad8 19.Ne3 Bd3 20.Rac1 Bxe2 21.Qxe2 
Rd4 22.Rfd1 Rfd8 23.Nf5 Rxd1+ 24.Rxd1 g6 25.Ne3 Rd7 26.h3 Qc6 27.Rxd7 Qxd7
28.Qf3 Kg7 29.c5 h5 30.Nc4 Qd4 31.Nd6 e4 32.Qe3 Qa1+ 33.Kh2 Qe5+ 34.Qg3 
Qd5 35.Qc3 Qe6 36.Nxb7 Kh7 37.Nd6 Nd5 38.Qd4 e3 39.fxe3 Nxe3 40.Qf4 f5 41.
Nf7 Kg7 42.Ng5 Qe7 43.a4 Kf6 44.Nf3 Nd5 45.Qd4+ Ke6 46.Qe5+ 1-0

[Event "East European zonal 3 (w) final"]
[Site "Hajduszoboszlo HUN"]
[Date "1991.10.??"]
[Round "2"]
[White "Koen, Maia"]
[Black "Veroci, Zsuzsa"]
[Result "0-1"]
[WhiteElo "2215"]
[BlackElo "2325"]
[EventDate "1991.10.01"]
[PlyCount "78"]

1.d4 Nf6 2.c4 g6 3.Nc3 d5 4.Bf4 Bg7 5.e3 c5 6.dxc5 Qa5 7.Qb3 Ne4 8.Qb5+ 
Qxb5 9.Nxb5 Na6 10.cxd5 Bxb2 11.Rb1 Bf6 12.Bc4 Nexc5 13.Nf3 Bf5 14.Rd1 O-O
15.Nfd4 Bd7 16.O-O Rfc8 17.f3 Na4 18.Bb3 Nc3 19.Nxc3 Rxc3 20.Ne2 Rcc8 21.
Rb1 Bb5 22.Bd1 Bc4 23.e4 Bxa2 24.Rxb7 Nc5 25.Rc7 Nd3 26.Rxc8+ Rxc8 27.Be3 
Bc4 28.f4 Nb2 29.Kf2 a5 30.e5 Bg7 31.Bb6 a4 32.d6 exd6 33.exd6 Bb5 34.Ke1 
Re8 35.Rf3 Nxd1 36.d7 Bxd7 37.Kxd1 Bg4 38.Bc5 Bxf3 39.gxf3 Bb2 0-1

[Event "East European zonal 3 (w) final"]
[Site "Hajduszoboszlo HUN"]
[Date "1991.10.??"]
[Round "3"]
[White "Madl, Ildiko"]
[Black "Koen, Maia"]
[Result "1-0"]
[WhiteElo "2370"]
[BlackElo "2215"]
[EventDate "1991.10.01"]
[PlyCount "275"]

1.e4 e5 2.Nf3 Nc6 3.Bb5 Nf6 4.O-O Nxe4 5.d4 Nd6 6.Bxc6 dxc6 7.dxe5 Nf5 8.
Qxd8+ Kxd8 9.Nc3 Be6 10.Ng5 Bc4 11.Rd1+ Ke8 12.b3 Bb4 13.Nge4 Be6 14.h3 
Ne7 15.Bb2 Bxc3 16.Nxc3 a5 17.Rd2 b6 18.f3 h6 19.Kf2 Ng6 20.Ne2 c5 21.g4 
h5 22.Kg3 hxg4 23.hxg4 Ne7 24.Rad1 Nc6 25.f4 g6 26.Nc3 Ke7 27.Nb5 Rac8 28.
Rf2 Rh7 29.f5 gxf5 30.gxf5 Bd7 31.e6 Rg8+ 32.Kf3 fxe6 33.Nxc7 Rh3+ 34.Ke2 
exf5 35.Nd5+ Kd8 36.Bf6+ Kc8 37.Nxb6+ Kc7 38.Nxd7 Re8+ 39.Kd2 Kxd7 40.Rxf5
Nb4 41.a3 Na2 42.Rxc5 a4 43.bxa4 Rxa3 44.c3 Kd6 45.Ra5 Re4 46.Bd4 Nxc3 47.
Bxc3 Raxa4 48.Kc2+ Ke6 49.Rad5 Rac4 50.Rd6+ Ke7 51.Rd7+ Ke6 52.R1d6+ Kf5 
53.Kd3 Ra4 54.Rf7+ Kg4 55.Rg6+ Kh3 56.Rf3+ Kh2 57.Rf2+ Kh1 58.Rb6 Rg4 59.
Rbb2 Rg3+ 60.Ke2 Re4+ 61.Kd2 Kg1 62.Rf5 Rg2+ 63.Kd3 Rxb2 64.Kxe4 Re2+ 65.
Kd3 Ra2 66.Be5 Kg2 67.Ke3 Ra3+ 68.Ke4 Ra4+ 69.Bd4 Kg3 70.Rg5+ Kh4 71.Rg8 
Rb4 72.Ke5 Kh3 73.Be3 Rg4 74.Rf8 Kg2 75.Rf2+ Kg3 76.Ra2 Kf3 77.Bh6 Rb4 78.
Ra3+ Ke2 79.Bf8 Rb8 80.Bd6 Re8+ 81.Kf4 Rd8 82.Be5 Rf8+ 83.Ke4 Re8 84.Ra2+ 
Ke1 85.Kd4 Kf1 86.Bf6 Re2 87.Ra8 Kg2 88.Be5 Re1 89.Rg8+ Kf3 90.Rg3+ Kf2 
91.Ra3 Kg2 92.Kd5 Re2 93.Ke6 Rf2 94.Rg3+ Kf1 95.Bd4 Rg2 96.Rf3+ Ke2 97.
Re3+ Kd2 98.Kd5 Rg8 99.Rf3 Rd8+ 100.Kc4 Rc8+ 101.Bc5 Ke2 102.Rf2+ Ke1 103.
Rh2 Kf1 104.Kd4 Kg1 105.Rc2 Re8 106.Kd3+ Kh1 107.Be3 Re6 108.Ke2 Kg2 109.
Rc5 Kg3 110.Rg5+ Kh4 111.Rg1 Kh5 112.Kf3 Re5 113.Bf4 Rf5 114.Ke4 Rf7 115.
Ke5 Kh4 116.Rg8 Kh3 117.Ke4 Kh4 118.Rg5 Rf8 119.Kf3 Rf6 120.Ra5 Rf7 121.
Ra6 Rf5 122.Rh6+ Rh5 123.Re6 Ra5 124.Re1 Kh5 125.Rg1 Rb5 126.Ke4 Kh4 127.
Bd2 Rb7 128.Bc3 Rf7 129.Be5 Rb7 130.Bf6+ Kh3 131.Kf3 Rb3+ 132.Kf2 Rb5 133.
Rg3+ Kh2 134.Rf3 Ra5 135.Bd4 Rd5 136.Be3 Rh5 137.Bf4+ Kh1 138.Ra3 1-0

[Event "East European zonal 3 (w) final"]
[Site "Hajduszoboszlo HUN"]
[Date "1991.10.??"]
[Round "3"]
[White "Lupu, Smaranda"]
[Black "Nutu, Daniela"]
[Result "0-1"]
[WhiteElo "2220"]
[BlackElo "2295"]
[EventDate "1991.10.01"]
[PlyCount "142"]

1.e4 c5 2.Nf3 d6 3.d4 Nf6 4.Nc3 cxd4 5.Nxd4 a6 6.f4 e6 7.Be2 Qc7 8.O-O Be7
9.Kh1 b5 10.e5 dxe5 11.fxe5 Nfd7 12.Bh5 Nxe5 13.Bf4 O-O 14.Bxe5 Qxe5 15.
Rxf7 Rxf7 16.Bxf7+ Kh8 17.Qd2 Qf6 18.Bh5 Bb7 19.Re1 e5 20.Bf3 Ra7 21.Bxb7 
Rxb7 22.Nd5 Qf7 23.Nxe7 Rxe7 24.Nf3 Nc6 25.Qc3 Qd5 26.Qd2 Qxd2 27.Nxd2 Nb4
28.Nf3 Kg8 29.c3 Nd3 30.Re2 e4 31.Kg1 Nxb2 32.Ng5 e3 33.Rxb2 e2 34.Nf3 
e1=Q+ 35.Nxe1 Rxe1+ 36.Kf2 Rc1 37.a4 bxa4 38.Ra2 Rxc3 39.Rxa4 Rc6 40.Kf3 
Kf7 41.Ra5 Ke7 42.g4 Kd7 43.h4 Kc7 44.Ra1 Rc3+ 45.Kf4 Rc4+ 46.Kf5 Rc5+ 47.
Ke6 Kb6 48.Rb1+ Ka7 49.Rd1 Rc6+ 50.Kf5 Rb6 51.h5 a5 52.Rd7+ Rb7 53.Rd6 
Rb5+ 54.Kf4 a4 55.Rd7+ Kb6 56.Rxg7 a3 57.Rg8 Ra5 58.Rb8+ Kc7 59.Rb1 h6 60.
Ra1 Kd6 61.Ra2 Ke6 62.Kg3 Kf6 63.Kh4 Ra4 64.Rf2+ Ke5 65.Ra2 Kf4 66.Kh3 Kf3
67.Ra1 a2 68.Rf1+ Ke2 69.Ra1 Kf2 70.g5 hxg5 71.h6 Rh4# 0-1

[Event "East European zonal 3 (w) final"]
[Site "Hajduszoboszlo HUN"]
[Date "1991.10.??"]
[Round "3"]
[White "Veroci, Zsuzsa"]
[Black "Foisor, Cristina"]
[Result "1/2-1/2"]
[WhiteElo "2325"]
[BlackElo "2305"]
[EventDate "1991.10.01"]
[PlyCount "25"]

1.e4 e5 2.Nf3 Nc6 3.Bb5 a6 4.Ba4 Nf6 5.O-O Be7 6.Re1 b5 7.Bb3 d6 8.a4 Bb7 
9.d3 O-O 10.Nc3 Qb8 11.Nd5 Nxd5 12.Bxd5 Bf6 13.Be3 1/2-1/2

[Event "East European zonal 3 (w) final"]
[Site "Hajduszoboszlo HUN"]
[Date "1991.10.??"]
[Round "4"]
[White "Lupu, Smaranda"]
[Black "Veroci, Zsuzsa"]
[Result "0-1"]
[WhiteElo "2220"]
[BlackElo "2325"]
[EventDate "1991.10.01"]
[PlyCount "88"]

1.c4 g6 2.g3 Bg7 3.Bg2 c5 4.Nc3 Nc6 5.d3 d6 6.Nf3 Nf6 7.O-O O-O 8.Rb1 Ne8 
9.a3 Nc7 10.Bd2 a5 11.Ne1 Bd7 12.b3 Rb8 13.Na2 b6 14.e3 e5 15.Nc2 f5 16.f4
Ne7 17.Nc3 Be6 18.e4 exf4 19.gxf4 Qd7 20.Nd5 Nc6 21.Kh1 Nd4 22.Nce3 Qd8 
23.b4 axb4 24.axb4 Nxd5 25.cxd5 Bd7 26.Bc3 fxe4 27.dxe4 Bb5 28.Qg4 Be2 29.
Qh3 Bxf1 30.Rxf1 Qe7 31.Nc4 Nb5 32.Bxg7 Kxg7 33.bxc5 bxc5 34.e5 dxe5 35.
fxe5 Rxf1+ 36.Bxf1 Nd4 37.Bd3 Rf8 38.d6 Qb7+ 39.Qg2 Qb3 40.Bf1 Qb1 41.Nd2 
Qf5 42.Qb7+ Rf7 43.Qd5 Qg4 44.Qxc5 Rxf1+ 0-1

[Event "East European zonal 3 (w) final"]
[Site "Hajduszoboszlo HUN"]
[Date "1991.10.??"]
[Round "4"]
[White "Foisor, Cristina"]
[Black "Madl, Ildiko"]
[Result "1-0"]
[WhiteElo "2305"]
[BlackElo "2370"]
[EventDate "1991.10.01"]
[PlyCount "120"]

1.c4 Nf6 2.g3 c5 3.Bg2 g6 4.Nc3 Bg7 5.e3 O-O 6.Nge2 d6 7.O-O a6 8.b3 Nbd7 
9.Bb2 Rb8 10.d3 b5 11.Qd2 Bb7 12.e4 Ba8 13.Rab1 e6 14.h3 Qc7 15.g4 e5 16.
f4 exf4 17.Nxf4 Ne5 18.Ncd5 Nxd5 19.cxd5 Rbc8 20.Rbc1 Qe7 21.d4 Nd7 22.
dxc5 Nxc5 23.Bxg7 Kxg7 24.Qd4+ Qe5 25.Qxe5+ dxe5 26.Ne2 f6 27.Rc3 Nb7 28.
Rfc1 Rxc3 29.Rxc3 Nd6 30.Ng3 Bb7 31.Kf2 Rc8 32.Rxc8 Bxc8 33.b4 Kh6 34.Ne2 
Kg5 35.Kg3 f5 36.h4+ Kf6 37.g5+ Ke7 38.Nc3 Bd7 39.Kf3 Nc4 40.Bf1 Nd2+ 41.
Ke2 Nxf1 42.Kxf1 Kd6 43.Kf2 Bc8 44.Ke3 fxe4 45.Nxe4+ Kxd5 46.Nf6+ Kc4 47.
Ke4 Kxb4 48.Kxe5 Bh3 49.Nxh7 Bf1 50.Nf8 Bd3 51.Kf6 Ka3 52.Nxg6 Kxa2 53.Ne5
Be4 54.g6 b4 55.h5 b3 56.Nc4 a5 57.h6 a4 58.h7 a3 59.h8=Q b2 60.Qf8 Kb3 
1-0

[Event "East European zonal 3 (w) final"]
[Site "Hajduszoboszlo HUN"]
[Date "1991.10.??"]
[Round "5"]
[White "Veroci, Zsuzsa"]
[Black "Nutu, Daniela"]
[Result "1/2-1/2"]
[WhiteElo "2325"]
[BlackElo "2295"]
[EventDate "1991.10.01"]
[PlyCount "22"]

1.e4 c5 2.Nf3 d6 3.d4 cxd4 4.Nxd4 Nf6 5.Nc3 Nc6 6.Bc4 Qb6 7.Nb3 e6 8.O-O 
Be7 9.Be3 Qc7 10.Bd3 O-O 11.a4 a6 1/2-1/2

[Event "East European zonal 3 (w) final"]
[Site "Hajduszoboszlo HUN"]
[Date "1991.10.??"]
[Round "5"]
[White "Madl, Ildiko"]
[Black "Lupu, Smaranda"]
[Result "1-0"]
[WhiteElo "2370"]
[BlackElo "2220"]
[EventDate "1991.10.01"]
[PlyCount "53"]

1.e4 c5 2.Nf3 Nc6 3.d4 cxd4 4.Nxd4 Qc7 5.Nc3 e6 6.Nxc6 bxc6 7.Bd3 d5 8.O-O
Nf6 9.Qe2 Be7 10.b3 Nd7 11.exd5 cxd5 12.Bb2 Qe5 13.Qf3 Qf6 14.Qe2 Kf8 15.
Na4 Qg5 16.f4 Qh6 17.c4 dxc4 18.Be4 Rb8 19.Qxc4 Bd6 20.Rad1 Bxf4 21.Ba3+ 
Ke8 22.Rxf4 Qxf4 23.Bd6 Qe3+ 24.Kh1 Ba6 25.Qxa6 Qxe4 26.Bxb8 Qc2 27.Qd6 
1-0

[Event "East European zonal 3 (w) prel 1"]
[Site "Hajduszoboszlo HUN"]
[Date "1991.10.??"]
[Round "1"]
[White "Porubszky, Maria"]
[Black "Gocheva, Rumiana"]
[Result "0-1"]
[WhiteElo "2185"]
[BlackElo "2235"]
[EventDate "1991.10.01"]
[PlyCount "126"]

1.e4 c5 2.Nf3 d6 3.Bc4 Nc6 4.c3 Nf6 5.Qe2 Bg4 6.h3 Bxf3 7.Qxf3 g6 8.O-O 
Bg7 9.Bb3 O-O 10.Qe2 a6 11.d3 b5 12.f4 Qb6 13.Be3 Rac8 14.g4 Na5 15.Nd2 
Qc6 16.Bc2 Nd7 17.Rac1 e5 18.f5 gxf5 19.Rxf5 d5 20.exd5 Qxd5 21.Bb1 Nb7 
22.Ne4 Nd6 23.Nxd6 Qxd6 24.Rcf1 e4 25.Bf4 exd3 26.Bxd3 Qe6 27.Qf2 c4 28.
Bb1 Rce8 29.Rh5 Nf6 30.Re5 Qc6 31.Qh4 Rxe5 32.Bxe5 Ne4 33.Bxg7 Kxg7 34.g5 
Qc5+ 35.Kh1 Nxg5 36.Rf5 Qc6+ 37.Kg1 Nf3+ 38.Rxf3 Qxf3 39.Qxh7+ Kf6 40.Qh6+
Ke7 41.Qg5+ Kd7 42.Bf5+ Ke8 43.Bg4 Qg3+ 44.Kh1 Qd6 45.Qf5 Ke7 46.Qe4+ Kf6 
47.Qf3+ Kg7 48.Bf5 Rd8 49.Qg4+ Kf8 50.b3 Qd1+ 51.Qxd1 Rxd1+ 52.Kg2 Rd2+ 
53.Kf3 Rxa2 54.bxc4 bxc4 55.Ke3 Ra5 56.Bc8 Rd5 57.Bxa6 Rd3+ 58.Ke4 Rxc3 
59.Kd4 Rxh3 60.Kxc4 Re3 61.Kd4 Re7 62.Bd3 Kg7 63.Be4 Kh6 0-1

[Event "East European zonal 3 (w) prel 1"]
[Site "Hajduszoboszlo HUN"]
[Date "1991.10.??"]
[Round "1"]
[White "Veroci, Zsuzsa"]
[Black "Ivanka, Maria"]
[Result "1-0"]
[WhiteElo "2325"]
[BlackElo "2300"]
[EventDate "1991.10.01"]
[PlyCount "43"]

1.e4 c5 2.Nf3 e6 3.d4 cxd4 4.Nxd4 a6 5.Bd3 Qc7 6.O-O Nc6 7.Nxc6 Qxc6 8.Nc3
d6 9.a4 Nf6 10.Qe2 Be7 11.f4 Qc5+ 12.Be3 Qh5 13.Qxh5 Nxh5 14.e5 g5 15.exd6
gxf4 16.Bd4 Bf6 17.Bxf6 Nxf6 18.Rxf4 Nd7 19.Re1 O-O 20.Re3 e5 21.Bxh7+ 
Kxh7 22.Rg4 1-0

[Event "East European zonal 3 (w) prel 1"]
[Site "Hajduszoboszlo HUN"]
[Date "1991.10.??"]
[Round "1"]
[White "Foisor, Cristina"]
[Black "Lupu, Smaranda"]
[Result "1/2-1/2"]
[WhiteElo "2305"]
[BlackElo "2220"]
[EventDate "1991.10.01"]
[PlyCount "56"]

1.c4 e5 2.g3 g6 3.Bg2 Bg7 4.Nc3 d6 5.d3 f5 6.e3 Nf6 7.Nge2 O-O 8.Rb1 a5 9.
b3 Nc6 10.Bb2 h6 11.O-O Kh7 12.Qd2 Ne7 13.Nd5 c6 14.Nxf6+ Bxf6 15.f4 Qc7 
16.Rbc1 Be6 17.d4 Bg8 18.dxe5 dxe5 19.Rcd1 Rad8 20.Qc1 e4 21.Bxf6 Rxf6 22.
Rxd8 Qxd8 23.Rd1 Rd6 24.Nc3 Rxd1+ 25.Qxd1 Qxd1+ 26.Nxd1 b5 27.cxb5 cxb5 
28.Bf1 b4 1/2-1/2

[Event "East European zonal 3 (w) prel 1"]
[Site "Hajduszoboszlo HUN"]
[Date "1991.10.??"]
[Round "1"]
[White "Grochot, Czeslawa"]
[Black "Repkova, Eva"]
[Result "0-1"]
[WhiteElo "2205"]
[BlackElo "2170"]
[EventDate "1991.10.01"]
[PlyCount "100"]

1.e4 e6 2.d3 c5 3.Nf3 Nc6 4.g3 g6 5.Bg2 Bg7 6.O-O Nge7 7.Nbd2 d5 8.Re1 b6 
9.e5 Qc7 10.Qe2 Ba6 11.c3 g5 12.Nxg5 Qxe5 13.f4 Qxe2 14.Rxe2 Bxd3 15.Re1 
O-O 16.Nb3 c4 17.Nd2 Rad8 18.Ndf3 h6 19.Nh3 d4 20.Bd2 dxc3 21.Bxc3 Nd5 22.
Bxg7 Kxg7 23.a3 Na5 24.Nd2 Nc7 25.Nf2 Na6 26.Re3 Nc5 27.Rc1 b5 28.Nxd3 
Nxd3 29.Rc2 Rc8 30.Ne4 Nb3 31.Nd6 Nd4 32.Rd2 Rcd8 33.Ne4 a5 34.Bf1 Nf5 35.
Ree2 b4 36.g4 Nd4 37.Re3 Nb3 38.Rc2 Nxf4 39.Rxc4 Nd4 40.Rc5 Nd5 41.Rd3 Nf4
42.Re3 Rd5 43.axb4 axb4 44.Rc4 Rb8 45.Rc7 Re5 46.Rc4 Nd5 47.Rd3 Rxe4 48.
Rdxd4 Re1 49.Kf2 Rb1 50.Rd2 Rxf1+ 0-1

[Event "East European zonal 3 (w) prel 1"]
[Site "Hajduszoboszlo HUN"]
[Date "1991.10.??"]
[Round "2"]
[White "Veroci, Zsuzsa"]
[Black "Porubszky, Maria"]
[Result "1/2-1/2"]
[WhiteElo "2325"]
[BlackElo "2185"]
[EventDate "1991.10.01"]
[PlyCount "33"]

1.e4 c5 2.Nf3 a6 3.c4 e6 4.Nc3 Qc7 5.d4 cxd4 6.Nxd4 Nf6 7.Bd3 Bb4 8.O-O 
Bxc3 9.bxc3 d6 10.f4 Nbd7 11.Qe2 O-O 12.Ba3 e5 13.Nf5 Nc5 14.fxe5 dxe5 15.
Qe3 Bxf5 16.Rxf5 Nfd7 17.Be2 1/2-1/2

[Event "East European zonal 3 (w) prel 1"]
[Site "Hajduszoboszlo HUN"]
[Date "1991.10.??"]
[Round "2"]
[White "Ivanka, Maria"]
[Black "Repkova, Eva"]
[Result "1/2-1/2"]
[WhiteElo "2300"]
[BlackElo "2170"]
[EventDate "1991.10.01"]
[PlyCount "24"]

1.Nf3 Nf6 2.g3 c5 3.c4 Nc6 4.Bg2 g6 5.d4 cxd4 6.Nxd4 Bg7 7.Nc2 O-O 8.Nc3 
d6 9.O-O Be6 10.Nd5 Na5 11.Nce3 Rc8 12.Qd3 Nd7 1/2-1/2

[Event "East European zonal 3 (w) prel 1"]
[Site "Hajduszoboszlo HUN"]
[Date "1991.10.??"]
[Round "3"]
[White "Repkova, Eva"]
[Black "Lupu, Smaranda"]
[Result "1-0"]
[WhiteElo "2170"]
[BlackElo "2220"]
[EventDate "1991.10.01"]
[PlyCount "83"]

1.e4 c6 2.d4 d5 3.exd5 cxd5 4.c4 Nf6 5.Nc3 e6 6.Nf3 Be7 7.Bg5 Nc6 8.a3 O-O
9.Bd3 dxc4 10.Bxc4 Nd5 11.Bxe7 Ncxe7 12.O-O b6 13.Bd3 Bb7 14.Rc1 Ng6 15.
Nxd5 Bxd5 16.Re1 Qf6 17.Be4 Bxe4 18.Rxe4 Rfc8 19.Ne5 Qg5 20.Rc3 Nf4 21.g3 
Nd5 22.Rc2 Qf5 23.Ree2 Ne7 24.Qc1 f6 25.Nc4 Qd5 26.b3 b5 27.Na5 Kf7 28.
Red2 Qd7 29.Rc5 a6 30.Rdc2 Qxd4 31.Rxc8 Rxc8 32.Rxc8 Nxc8 33.Qc7+ Ne7 34.
Qxe7+ Kxe7 35.Nc6+ Kd6 36.Nxd4 Kd5 37.Nc2 Ke4 38.Kf1 Kd3 39.Nb4+ Kc3 40.
Nxa6 Kxb3 41.Nc7 e5 42.Nxb5 1-0

[Event "East European zonal 3 (w) prel 1"]
[Site "Hajduszoboszlo HUN"]
[Date "1991.10.??"]
[Round "3"]
[White "Porubszky, Maria"]
[Black "Ivanka, Maria"]
[Result "1-0"]
[WhiteElo "2185"]
[BlackElo "2300"]
[EventDate "1991.10.01"]
[PlyCount "113"]

1.e4 d6 2.d4 Nf6 3.Nc3 g6 4.Bg5 Bg7 5.e5 dxe5 6.dxe5 Qxd1+ 7.Rxd1 Ng4 8.h3
Bxe5 9.hxg4 Bxg4 10.Be2 Bxc3+ 11.bxc3 Bxe2 12.Nxe2 f6 13.Be3 e5 14.f4 Nd7 
15.fxe5 fxe5 16.Ng3 O-O-O 17.Ne4 h5 18.Bg5 Rdf8 19.Rh3 b6 20.Ke2 a5 21.c4 
Nb8 22.c3 Nd7 23.Rhd3 Rh7 24.Be3 Nb8 25.c5 b5 26.Rb1 b4 27.cxb4 Nc6 28.
bxa5 Rd7 29.Rdb3 Rd4 30.Bxd4 Nxd4+ 31.Ke3 Nxb3 32.axb3 Kd7 33.b4 c6 34.Nd2
Rf4 35.a6 Kc7 36.b5 cxb5 37.Rxb5 Ra4 38.Rb6 g5 39.Rh6 h4 40.a7 Kb7 41.Rh7+
Kc6 42.Ne4 Ra3+ 43.Kf2 Kd5 44.Nxg5 Kxc5 45.Rxh4 Rxa7 46.Re4 Kd5 47.Re2 Rg7
48.Rd2+ Kc4 49.Ne4 Rg4 50.Ke3 Rg8 51.g3 Rg7 52.Nd6+ Kc5 53.Nf5 Rg4 54.Kf3 
Ra4 55.Ne3 Kc6 56.Rd5 e4+ 57.Kf4 1-0

[Event "East European zonal 3 (w) prel 1"]
[Site "Hajduszoboszlo HUN"]
[Date "1991.10.??"]
[Round "3"]
[White "Grochot, Czeslawa"]
[Black "Gocheva, Rumiana"]
[Result "1-0"]
[WhiteElo "2205"]
[BlackElo "2235"]
[EventDate "1991.10.01"]
[PlyCount "152"]

1.e4 c5 2.Nf3 d6 3.d4 cxd4 4.Nxd4 Nf6 5.Nc3 a6 6.Be3 e5 7.Nb3 Be6 8.Qd2 
Nbd7 9.f3 b5 10.a4 b4 11.Nd5 Bxd5 12.exd5 Nb6 13.Bxb6 Qxb6 14.a5 Qb7 15.
Bc4 Be7 16.Ra4 Rb8 17.Qd3 Ra8 18.Qd2 Rb8 19.Nc1 O-O 20.Na2 e4 21.Nxb4 exf3
22.gxf3 Nd7 23.Bxa6 Bh4+ 24.Kf1 Qa8 25.Be2 Nc5 26.Ra2 Rbe8 27.Nc6 Qc8 28.
Rg1 Qf5 29.Rg2 Ne4 30.Qd3 Qf4 31.Ra1 Nf6 32.Kg1 Re3 33.Qc4 Qh6 34.a6 Nd7 
35.a7 Nb6 36.Qg4 Ree8 37.Qd4 Bg5 38.Kh1 Be3 39.Qd3 Qf6 40.c3 g6 41.Nb8 Qe7
42.Qa6 Qh4 43.a8=Q Nxa8 44.Nd7 Nc7 45.Qxd6 Ra8 46.Rd1 Rfc8 47.Nf6+ Kg7 48.
Ng4 Bg5 49.Qe5+ Kg8 50.Qg3 Qxg3 51.hxg3 h5 52.f4 Bxf4 53.gxf4 hxg4 54.Bxg4
Rd8 55.c4 Rab8 56.Rc2 Rb4 57.Kg2 Na6 58.c5 Rxf4 59.Kg3 Rf6 60.d6 Nxc5 61.
Rxc5 Rfxd6 62.Rxd6 Rxd6 63.b4 Rd3+ 64.Bf3 Kf8 65.b5 Rb3 66.Kf4 Ke7 67.Be2 
f5 68.Bc4 Rb1 69.Rc7+ Kd8 70.Rc6 Rb4 71.Ke5 Ke7 72.Rc7+ Kd8 73.Kd6 f4 74.
Rg7 Kc8 75.Be6+ Kb8 76.Kc6 f3 1-0

[Event "East European zonal 3 (w) prel 1"]
[Site "Hajduszoboszlo HUN"]
[Date "1991.10.??"]
[Round "4"]
[White "Veroci, Zsuzsa"]
[Black "Grochot, Czeslawa"]
[Result "1-0"]
[WhiteElo "2325"]
[BlackElo "2235"]
[EventDate "1991.10.01"]
[PlyCount "41"]

1.e4 c5 2.Nf3 d6 3.d4 cxd4 4.Nxd4 Nf6 5.Nc3 a6 6.f4 e5 7.Nf3 Nbd7 8.Bd3 
Be7 9.O-O O-O 10.Kh1 b5 11.a4 b4 12.Nd5 Nxd5 13.exd5 exf4 14.Bxf4 Nc5 15.
Nd4 Bf6 16.Nc6 Qc7 17.Qf3 Bxb2 18.Rae1 Bd7 19.Bxh7+ Kxh7 20.Qh5+ Kg8 21.
Ne7# 1-0

[Event "East European zonal 3 (w) prel 1"]
[Site "Hajduszoboszlo HUN"]
[Date "1991.10.??"]
[Round "4"]
[White "Porubszky, Maria"]
[Black "Foisor, Cristina"]
[Result "0-1"]
[WhiteElo "2185"]
[BlackElo "2305"]
[EventDate "1991.10.01"]
[PlyCount "74"]

1.e4 e5 2.Bc4 Nf6 3.d3 Nc6 4.Nf3 Bc5 5.Bg5 h6 6.Bh4 d6 7.c3 a6 8.Nbd2 Ba7 
9.Bb3 Ne7 10.d4 Ng6 11.Bg3 exd4 12.Nxd4 O-O 13.O-O Bg4 14.N4f3 Nh5 15.Qc2 
Nxg3 16.hxg3 Qf6 17.Rae1 Rfe8 18.Nh2 Be6 19.Nc4 d5 20.exd5 Bxd5 21.Ng4 Qg5
22.Nce3 Be4 23.Qe2 b5 24.Rd1 Re7 25.Qd2 Rae8 26.Kh2 Qh5+ 27.Kg1 Kh7 28.
Rfe1 Qg5 29.Nh2 h5 30.Nhf1 Bc6 31.Bc2 h4 32.Bxg6+ fxg6 33.g4 Qf4 34.Qe2 h3
35.Nh2 hxg2 36.Nxg2 Rxe2 37.Nxf4 Rxe1+ 0-1

[Event "East European zonal 3 (w) prel 1"]
[Site "Hajduszoboszlo HUN"]
[Date "1991.10.??"]
[Round "4"]
[White "Ivanka, Maria"]
[Black "Lupu, Smaranda"]
[Result "0-1"]
[WhiteElo "2300"]
[BlackElo "2220"]
[EventDate "1991.10.01"]
[PlyCount "116"]

1.Nf3 g6 2.d4 Bg7 3.Bf4 d6 4.c3 Nf6 5.h3 O-O 6.Nbd2 c5 7.e3 Nc6 8.Be2 cxd4
9.exd4 Nd5 10.Bg5 h6 11.Bh4 Nf4 12.O-O Nxe2+ 13.Qxe2 g5 14.d5 gxh4 15.dxc6
bxc6 16.Nxh4 Rb8 17.Ne4 e5 18.Nf3 f5 19.Ng3 Qe8 20.Rfe1 f4 21.Ne4 Qe7 22.
c4 Ba6 23.Qd2 Rbd8 24.Rac1 d5 25.cxd5 cxd5 26.Nc5 Bc8 27.Nxe5 Bxe5 28.Nd3 
Rf5 29.Qa5 Re8 30.Rxc8 Rxc8 31.Qxd5+ Qf7 32.Qxf7+ Rxf7 33.Rxe5 Rd8 34.Nc5 
Rd1+ 35.Kh2 Rd2 36.Ne4 Rxb2 37.a4 Kg7 38.h4 Re2 39.Kh3 f3 40.g3 h5 41.g4 
Rf4 42.Rg5+ Kf8 43.Nc5 Rxg4 44.Rxh5 Rg7 45.Nd3 Rd2 46.Rf5+ Rf7 47.Rd5 Rd1 
48.Kh2 Kg8 49.Rg5+ Rg7 50.Ne5 Rd4 51.Kg3 Rxa4 52.Nxf3 a5 53.Ne5 Rxg5+ 54.
hxg5 Re4 55.Nd7 Rd4 56.Nc5 a4 57.Kf3 a3 58.Ke3 Rc4 0-1

[Event "East European zonal 3 (w) prel 1"]
[Site "Hajduszoboszlo HUN"]
[Date "1991.10.??"]
[Round "5"]
[White "Lupu, Smaranda"]
[Black "Gocheva, Rumiana"]
[Result "1-0"]
[WhiteElo "2220"]
[BlackElo "2235"]
[EventDate "1991.10.01"]
[PlyCount "87"]

1.e4 c5 2.c3 e6 3.d4 d5 4.e5 Nc6 5.Nf3 Bd7 6.a3 c4 7.Be2 Na5 8.Nbd2 Ne7 9.
O-O Qb6 10.Rb1 Nb3 11.Nxb3 Ba4 12.Nfd2 Nc6 13.Qe1 Bxb3 14.Nxb3 cxb3 15.c4 
Qxd4 16.cxd5 exd5 17.Bd1 O-O-O 18.Bxb3 f6 19.exf6 Qxf6 20.Qe3 d4 21.Qe6+ 
Kc7 22.Qxf6 gxf6 23.Bd2 Kb6 24.Rbd1 Bc5 25.Bh6 Bf8 26.Bc1 Bc5 27.Bc2 a5 
28.g3 Ne5 29.Kg2 h5 30.h3 d3 31.Bb1 h4 32.b3 Rhg8 33.g4 f5 34.f4 Nxg4 35.
hxg4 Rxg4+ 36.Kh1 Rdg8 37.Bxd3 Rg3 38.Bxf5 h3 39.b4 axb4 40.axb4 Bxb4 41.
Rg1 h2 42.Rxg3 Rxg3 43.Kxh2 Rg8 44.Be6 1-0

[Event "East European zonal 3 (w) prel 1"]
[Site "Hajduszoboszlo HUN"]
[Date "1991.10.??"]
[Round "5"]
[White "Foisor, Cristina"]
[Black "Ivanka, Maria"]
[Result "1-0"]
[WhiteElo "2305"]
[BlackElo "2300"]
[EventDate "1991.10.01"]
[PlyCount "47"]

1.c4 Nf6 2.g3 d5 3.cxd5 Qxd5 4.Nf3 Nc6 5.Nc3 Qh5 6.d3 a6 7.Bg2 Bh3 8.Bxh3 
Qxh3 9.Qb3 Qc8 10.Bg5 e6 11.Bxf6 gxf6 12.d4 b6 13.O-O Qd7 14.Rfd1 Na5 15.
Qc2 Be7 16.d5 e5 17.Nh4 Nb7 18.Rac1 O-O 19.Qf5 Qd8 20.Ne4 Nd6 21.Nxd6 Bxd6
22.Qh5 Kh8 23.Nf5 Qe8 24.Qh6 1-0